[Event "Hastings Weekend Open"]
[Site "Hastings"]
[Date "2024.01.06"]
[Round "1.1"]
[White "Arkell, Keith C"]
[Black "Norinkeviciute, Rasa"]
[Result "1-0"]
[WhiteElo "2380"]
[BlackElo "1905"]
[PlyCount "95"]
[EventDate "2024.01.06"]
[EventType "swiss"]
[EventRounds "5"]
[EventCountry "ENG"]
[SourceTitle "The Week in Chess 1522"]
[Source "Mark Crowther"]
[SourceDate "2024.01.08"]
[SourceVersion "1"]
[SourceVersionDate "2024.02.04"]
[SourceQuality "2"]

1. d4 Nf6 2. Nf3 e6 3. c4 Bb4+ 4. Bd2 a5 5. g3 b6 6. Bg2 Bb7 7. O-O O-O 8. Bg5
Be7 9. Nc3 Ne4 10. Bxe7 Qxe7 11. Qc2 f5 12. Ne1 d5 13. cxd5 exd5 14. Nd3 Rc8
15. Rad1 Nd7 16. e3 Ndf6 17. Rfe1 Re8 18. Ne5 Rac8 19. f3 Nd6 20. Qb3 Qe6 21.
f4 g6 22. Rc1 Kg7 23. Re2 Re7 24. Rec2 Nde8 25. Nb5 c5 26. dxc5 bxc5 27. Rxc5
Rxc5 28. Rxc5 Qb6 29. Qc3 Kh6 30. h3 d4 31. Qxd4 Ne4 32. Bxe4 Bxe4 33. a4 Ba8
34. Rc2 Qb7 35. e4 Nf6 36. g4 Nxe4 37. g5+ Nxg5 38. fxg5+ Kxg5 39. Rh2 Kh6 40.
Nd6 Qc7 41. Rc2 Qxc2 42. Qh4+ Kg7 43. Qxe7+ Kh6 44. Nef7+ Kg7 45. Nd8+ Kh6 46.
Qh4+ Kg7 47. Ne6+ Kg8 48. Qd8# 1-0

[Event "Hastings Weekend Open"]
[Site "Hastings"]
[Date "2024.01.06"]
[Round "1.2"]
[White "Nguyen, Anh"]
[Black "Garcia Martin, Marta"]
[Result "0-1"]
[WhiteElo "1648"]
[BlackElo "2342"]
[PlyCount "96"]
[EventDate "2024.01.06"]
[EventType "swiss"]
[EventRounds "5"]
[EventCountry "ENG"]
[SourceTitle "The Week in Chess 1522"]
[Source "Mark Crowther"]
[SourceDate "2024.01.08"]
[SourceVersion "1"]
[SourceVersionDate "2024.02.04"]
[SourceQuality "2"]

1. e4 c5 2. Nf3 Nc6 3. Bb5 g6 4. Bxc6 bxc6 5. Nc3 Bg7 6. O-O e5 7. Re1 d6 8. d3
Ne7 9. Na4 O-O 10. b3 f5 11. h3 h6 12. c4 g5 13. Nd2 g4 14. hxg4 fxg4 15. Nf1
Ng6 16. g3 h5 17. Be3 Nf4 18. Nc3 Nh3+ 19. Kg2 Qf6 20. Nh2 Nxf2 21. Qd2 Nh3 22.
Rf1 Qg6 23. Rxf8+ Bxf8 24. Rf1 Be7 25. Ne2 a5 26. a4 Be6 27. Ng1 d5 28. Qc2 Ng5
29. Bxg5 Qxg5 30. Qe2 Rb8 31. Rb1 Rb4 32. Rb2 Qg7 33. Nf1 Bg5 34. Ne3 Qb7 35.
Nc2 Rxb3 36. Rxb3 Qxb3 37. exd5 Bf5 38. Ne1 Qb8 39. Qf2 Qf8 40. dxc6 e4 41. c7
e3 42. Qb2 Bd7 43. Qb8 Bc8 44. Qb2 h4 45. Qe2 h3+ 46. Kh1 Bb7+ 47. Kh2 Qf2+ 48.
Qxf2 exf2 0-1

[Event "Hastings Weekend Open"]
[Site "Hastings"]
[Date "2024.01.06"]
[Round "1.3"]
[White "Large, Peter G"]
[Black "Kovalskyi, Roman"]
[Result "1-0"]
[WhiteElo "2271"]
[BlackElo "2009"]
[PlyCount "41"]
[EventDate "2024.01.06"]
[EventType "swiss"]
[EventRounds "5"]
[EventCountry "ENG"]
[SourceTitle "The Week in Chess 1522"]
[Source "Mark Crowther"]
[SourceDate "2024.01.08"]
[SourceVersion "1"]
[SourceVersionDate "2024.02.04"]
[SourceQuality "2"]

1. e4 c5 2. Nc3 g6 3. Nf3 Bg7 4. d4 cxd4 5. Nxd4 Nc6 6. Be3 Nf6 7. Bc4 d6 8. f3
Qb6 9. Nf5 Qxb2 10. Nxg7+ Kf8 11. Nd5 Nxd5 12. Bxd5 Kxg7 13. O-O Qc3 14. Qc1
Re8 15. Rd1 e5 16. Bh6+ Kg8 17. Qg5 Bh3 18. Qf6 Qc5+ 19. Kh1 Bxg2+ 20. Kxg2
Qxc2+ 21. Kh3 1-0

[Event "Hastings Weekend Open"]
[Site "Hastings"]
[Date "2024.01.06"]
[Round "1.4"]
[White "Onuoha, Obioma"]
[Black "Sterck, Arno"]
[Result "0-1"]
[WhiteElo "1995"]
[BlackElo "2259"]
[PlyCount "76"]
[EventDate "2024.01.06"]
[EventType "swiss"]
[EventRounds "5"]
[EventCountry "ENG"]
[SourceTitle "The Week in Chess 1522"]
[Source "Mark Crowther"]
[SourceDate "2024.01.08"]
[SourceVersion "1"]
[SourceVersionDate "2024.02.04"]
[SourceQuality "2"]

1. e4 e5 2. Nf3 Nc6 3. Bc4 Nf6 4. d3 Bc5 5. c3 a6 6. b4 Ba7 7. Qb3 O-O 8. Qc2
d5 9. exd5 Nxd5 10. O-O Bf5 11. Bg5 f6 12. Be3 Kh8 13. Bxa7 Rxa7 14. Nh4 Bg4
15. h3 Bh5 16. g4 Bf7 17. Bxd5 Qxd5 18. Na3 Raa8 19. Nc4 Rad8 20. Nb2 g5 21.
Nf5 Qf3 22. Kh2 h5 23. Qd1 Qf4+ 24. Kg1 e4 25. Qc1 Qxc1 26. Rfxc1 exd3 27. Rd1
Ne5 28. Nd4 b6 29. Nb3 Rfe8 30. Nd2 hxg4 31. hxg4 Nxg4 32. Nf3 Bg6 33. Rd2 Be4
34. Ne1 Ne5 35. Rad1 Rd7 36. Nbxd3 Bxd3 37. Rxd3 Nxd3 38. Nxd3 Red8 0-1

[Event "Hastings Weekend Open"]
[Site "Hastings"]
[Date "2024.01.06"]
[Round "1.5"]
[White "Chandler, Clifford R"]
[Black "Steiners, Emils"]
[Result "0-1"]
[WhiteElo "2206"]
[BlackElo "2021"]
[PlyCount "52"]
[EventDate "2024.01.06"]
[EventType "swiss"]
[EventRounds "5"]
[EventCountry "ENG"]
[SourceTitle "The Week in Chess 1522"]
[Source "Mark Crowther"]
[SourceDate "2024.01.08"]
[SourceVersion "1"]
[SourceVersionDate "2024.02.04"]
[SourceQuality "2"]

1. e4 e6 2. d4 d5 3. Nc3 Bb4 4. exd5 exd5 5. Bd3 Ne7 6. Qf3 c5 7. dxc5 d4 8. a3
Qa5 9. Nge2 dxc3 10. O-O Nbc6 11. axb4 Qxa1 12. bxc3 O-O 13. Bf4 Qa2 14. Bd6
Re8 15. b5 Nd8 16. c4 Qb2 17. Ng3 Ng6 18. Ne4 Ne5 19. Qg3 Nxd3 20. cxd3 Bf5 21.
Qe3 Ne6 22. f4 Qd4 23. Qxd4 Nxd4 24. Be5 Bxe4 25. dxe4 Nb3 26. c6 bxc6 0-1

[Event "Hastings Weekend Open"]
[Site "Hastings"]
[Date "2024.01.06"]
[Round "1.6"]
[White "Smyth, Kevin"]
[Black "Verma, Aditya"]
[Result "1-0"]
[WhiteElo "1822"]
[BlackElo "2122"]
[PlyCount "81"]
[EventDate "2024.01.06"]
[EventType "swiss"]
[EventRounds "5"]
[EventCountry "ENG"]
[SourceTitle "The Week in Chess 1522"]
[Source "Mark Crowther"]
[SourceDate "2024.01.08"]
[SourceVersion "1"]
[SourceVersionDate "2024.02.04"]
[SourceQuality "2"]

1. Nf3 d5 2. g3 Nf6 3. Bg2 c6 4. O-O Bf5 5. d3 h6 6. Nbd2 e6 7. Re1 Be7 8. b3
O-O 9. Bb2 Bh7 10. e4 a5 11. a3 Nbd7 12. Qe2 Qc7 13. e5 Ne8 14. Rad1 Qb6 15.
Nf1 a4 16. b4 c5 17. c3 Nc7 18. h4 Rfc8 19. N1h2 Qa6 20. g4 cxb4 21. cxb4 Nb5
22. Rc1 Nf8 23. g5 hxg5 24. hxg5 Bf5 25. Nh4 Bh7 26. Qh5 Ng6 27. Nxg6 Bxg6 28.
Qh4 Rxc1 29. Rxc1 Qb6 30. Ng4 Qd8 31. Nf6+ gxf6 32. gxf6 Bf8 33. Kh2 Rc8 34.
Rh1 Rc2 35. Bc1 Bg7 36. Bh6 Bxh6 37. Qxh6 Qf8 38. Qh4 Nc3 39. Bf1 Ne2 40. Bxe2
Rxe2 41. Kg3 1-0

[Event "Hastings Weekend Open"]
[Site "Hastings"]
[Date "2024.01.06"]
[Round "1.7"]
[White "Walker, Martin Graham"]
[Black "Cove, Henry"]
[Result "1-0"]
[WhiteElo "2090"]
[BlackElo "1803"]
[PlyCount "61"]
[EventDate "2024.01.06"]
[EventType "swiss"]
[EventRounds "5"]
[EventCountry "ENG"]
[SourceTitle "The Week in Chess 1522"]
[Source "Mark Crowther"]
[SourceDate "2024.01.08"]
[SourceVersion "1"]
[SourceVersionDate "2024.02.04"]
[SourceQuality "2"]

1. e4 c5 2. Nf3 d6 3. Bb5+ Bd7 4. a4 Nc6 5. d4 cxd4 6. Nxd4 Nf6 7. Nc3 g6 8.
O-O Bg7 9. Nb3 O-O 10. f3 Rc8 11. Be3 a6 12. Bxc6 Bxc6 13. a5 e5 14. Bg5 h6 15.
Bxf6 Qxf6 16. Qd3 Qe6 17. Rad1 Rcd8 18. Nd5 f5 19. c4 f4 20. Nd2 g5 21. b4 Kh7
22. Nb1 Qf7 23. Nbc3 h5 24. Nb6 g4 25. b5 Be8 26. c5 Bxb5 27. Nxb5 axb5 28.
cxd6 Qg6 29. Kh1 Rf6 30. d7 b4 31. Qb5 1-0

[Event "Hastings Weekend Open"]
[Site "Hastings"]
[Date "2024.01.06"]
[Round "1.8"]
[White "Hollesen, Kurt"]
[Black "Saunders, Aron"]
[Result "1/2-1/2"]
[WhiteElo "1916"]
[BlackElo "2083"]
[PlyCount "112"]
[EventDate "2024.01.06"]
[EventType "swiss"]
[EventRounds "5"]
[EventCountry "ENG"]
[SourceTitle "The Week in Chess 1522"]
[Source "Mark Crowther"]
[SourceDate "2024.01.08"]
[SourceVersion "1"]
[SourceVersionDate "2024.02.04"]
[SourceQuality "2"]

1. e4 c6 2. d4 d5 3. exd5 cxd5 4. c4 Nf6 5. Nc3 Nc6 6. Nf3 Bg4 7. cxd5 Nxd5 8.
Qb3 Bxf3 9. gxf3 e6 10. Qxb7 Nxd4 11. Bb5+ Nxb5 12. Qxb5+ Qd7 13. Qxd7+ Kxd7
14. Nxd5 exd5 15. Be3 Bb4+ 16. Ke2 Ke6 17. Rac1 Rhc8 18. Kd3 a5 19. Rxc8 Rxc8
20. Rc1 Rxc1 21. Bxc1 Bd6 22. h3 Kd7 23. Bd2 Bc7 24. b3 Kc6 25. Bc3 f6 26. Bd2
Kc5 27. Be3+ Kb5 28. Kd4 Kc6 29. Kd3 h5 30. Bd2 Bb6 31. Be3 Bd8 32. f4 Kd6 33.
a3 f5 34. Bd4 g6 35. f3 Kc6 36. Be3 Bf6 37. Bd4 Be7 38. Bc3 Bxa3 39. Bxa5 Bd6
40. Bd2 Kc5 41. Bc1 Kc6 42. Be3 Kb5 43. Bd2 Bc7 44. Kd4 Kc6 45. Kd3 Kc5 46. Bc1
Kb4 47. Kd4 Kxb3 48. Kxd5 Kc2 49. Ba3 Kd3 50. Ke6 Ke3 51. Kf6 Kxf3 52. Kxg6
Kxf4 53. Kxh5 Ke4 54. Bc1 Bb6 55. Kg6 Bf2 56. Kg5 Bg3 1/2-1/2

[Event "Hastings Weekend Open"]
[Site "Hastings"]
[Date "2024.01.06"]
[Round "1.10"]
[White "Marsden, Rupert"]
[Black "Liu, Tianyi (Jack)"]
[Result "0-1"]
[WhiteElo "1742"]
[BlackElo "2030"]
[PlyCount "82"]
[EventDate "2024.01.06"]
[EventType "swiss"]
[EventRounds "5"]
[EventCountry "ENG"]
[SourceTitle "The Week in Chess 1522"]
[Source "Mark Crowther"]
[SourceDate "2024.01.08"]
[SourceVersion "1"]
[SourceVersionDate "2024.02.04"]
[SourceQuality "2"]

1. e4 c5 2. d4 cxd4 3. c3 dxc3 4. Nxc3 Nc6 5. Nf3 d6 6. Bc4 a6 7. O-O Nf6 8.
Bf4 Bg4 9. h3 Bxf3 10. Qxf3 e6 11. Rfd1 Qa5 12. Rac1 Be7 13. a3 Ne5 14. Qe2 b5
15. Bb3 O-O 16. Na2 Rac8 17. Nb4 Qb6 18. Nd3 Ng6 19. Bh2 Nd7 20. Rxc8 Rxc8 21.
Nf4 Nc5 22. Nxg6 hxg6 23. Ba2 Nb7 24. Kh1 Qc5 25. Qd2 Qc2 26. f3 Qxd2 27. Rxd2
Rc1+ 28. Bg1 Bg5 29. Re2 Bf4 30. g3 Bxg3 31. Kg2 Bf4 32. Bh2 Bxh2 33. Kxh2 Kf8
34. Kg3 Ke7 35. Bb3 Na5 36. Ba2 Nc6 37. Rd2 g5 38. Bb3 Ne5 39. f4 gxf4+ 40.
Kxf4 Rf1+ 41. Kg3 Rf3+ 0-1

[Event "Hastings Weekend Open"]
[Site "Hastings"]
[Date "2024.01.06"]
[Round "1.11"]
[White "Verma, Shlok"]
[Black "Rastogi, Nayan Keats"]
[Result "1-0"]
[WhiteElo "2003"]
[BlackElo "1650"]
[PlyCount "113"]
[EventDate "2024.01.06"]
[EventType "swiss"]
[EventRounds "5"]
[EventCountry "ENG"]
[SourceTitle "The Week in Chess 1522"]
[Source "Mark Crowther"]
[SourceDate "2024.01.08"]
[SourceVersion "1"]
[SourceVersionDate "2024.02.04"]
[SourceQuality "2"]

1. d4 Nf6 2. c4 e6 3. Nf3 Bb4+ 4. Bd2 Bxd2+ 5. Qxd2 O-O 6. Nc3 d5 7. e3 Qe7 8.
Bd3 Nbd7 9. O-O b6 10. Qe2 Bb7 11. cxd5 exd5 12. Rac1 Ne4 13. Ba6 Bxa6 14. Qxa6
Nxc3 15. Rxc3 c5 16. Rd1 Nf6 17. Rc2 Rfc8 18. Rdc1 Ne4 19. dxc5 bxc5 20. b3 Qc7
21. Ne1 Nf6 22. Nd3 Nd7 23. Nf4 d4 24. Nd5 Qe5 25. Qc4 dxe3 26. Nxe3 Rc7 27.
Nd5 Rb7 28. Re2 Qd4 29. Ne7+ Kf8 30. Qc2 Nf6 31. Nf5 Qb4 32. Qxc5+ Qxc5 33.
Rxc5 Rd8 34. g3 g6 35. Ne3 Ne4 36. Rcc2 Rbd7 37. Kg2 Nd6 38. Red2 Nb5 39. Rxd7
Rxd7 40. Rc5 Nc7 41. Nc4 Ne6 42. Ra5 Kg7 43. Ne5 Rc7 44. b4 Kf6 45. Nd3 Rc3 46.
Nc5 Nxc5 47. bxc5 Ke6 48. Ra6+ Kd5 49. Rxa7 Rxc5 50. Rxf7 Ra5 51. Rxh7 Rxa2 52.
Re7 Kd6 53. Re3 Ra5 54. g4 g5 55. Kg3 Rb5 56. h4 gxh4+ 57. Kxh4 1-0

[Event "Hastings Weekend Open"]
[Site "Hastings"]
[Date "2024.01.06"]
[Round "1.13"]
[White "Marusenko, Petr"]
[Black "Teh, Wee Zhun"]
[Result "0-1"]
[WhiteElo "2032"]
[BlackElo "1915"]
[PlyCount "56"]
[EventDate "2024.01.06"]
[EventType "swiss"]
[EventRounds "5"]
[EventCountry "ENG"]
[SourceTitle "The Week in Chess 1522"]
[Source "Mark Crowther"]
[SourceDate "2024.01.08"]
[SourceVersion "1"]
[SourceVersionDate "2024.02.04"]
[SourceQuality "2"]

1. d4 d5 2. c4 c6 3. Nf3 Nf6 4. e3 Bf5 5. Nc3 a6 6. cxd5 cxd5 7. Qb3 b5 8. a4
b4 9. Qxb4 Nc6 10. Qb3 Rb8 11. Qd1 Nb4 12. e4 Nxe4 13. Bf4 Nxc3 14. bxc3 Nc2+
15. Kd2 e5 16. Bxe5 Bd6 17. Ra2 Bxe5 18. dxe5 d4 19. Bd3 Bxd3 20. Kxd3 dxc3+
21. Kxc2 Qb6 22. Nd4 Rd8 23. Qd3 Rxd4 24. Qxc3 O-O 25. a5 Qg6+ 26. Kb2 Rb8+ 27.
Ka1 Rdb4 28. Ra3 Rb1+ 0-1

[Event "Hastings Weekend Open"]
[Site "Hastings"]
[Date "2024.01.06"]
[Round "1.15"]
[White "Banerjee, Supratit"]
[Black "Ahn, Sungmin"]
[Result "1-0"]
[WhiteElo "1984"]
[BlackElo "1836"]
[PlyCount "123"]
[EventDate "2024.01.06"]
[EventType "swiss"]
[EventRounds "5"]
[EventCountry "ENG"]
[SourceTitle "The Week in Chess 1522"]
[Source "Mark Crowther"]
[SourceDate "2024.01.08"]
[SourceVersion "1"]
[SourceVersionDate "2024.02.04"]
[SourceQuality "2"]

1. e4 c5 2. c3 Nf6 3. e5 Nd5 4. d4 cxd4 5. cxd4 d6 6. Nf3 e6 7. Nc3 Nxc3 8.
bxc3 Qc7 9. Bd2 Nd7 10. exd6 Bxd6 11. Bd3 Bf4 12. O-O O-O 13. Re1 Bxd2 14. Qxd2
Nf6 15. Re5 h6 16. Rc1 b6 17. Re3 Qf4 18. Ne5 Nd5 19. g3 Qg5 20. h4 Qe7 21. Rf3
Bb7 22. Qc2 Nf6 23. Rf4 h5 24. Re1 Rac8 25. a4 Rc7 26. c4 Kh8 27. Qe2 Qd8 28.
Ra1 Bc6 29. a5 Be8 30. axb6 axb6 31. Qf3 Kg8 32. Rb1 Ra7 33. Bc2 Bd7 34. Re1
Be8 35. Qd3 g6 36. Nf3 Ng4 37. Ng5 Qd6 38. Ne4 Qd8 39. f3 Nh6 40. Nf6+ Kh8 41.
Qe3 Ng8 42. Nxe8 Rxe8 43. d5 Qd6 44. Qc3+ e5 45. Rfe4 f6 46. f4 Qa3 47. Qxa3
Rxa3 48. Kg2 Ra2 49. R1e2 Ne7 50. fxe5 Nxd5 51. cxd5 Rc8 52. Bd1 Ra1 53. Rd4
fxe5 54. Rxe5 Rcc1 55. Re1 Ra2+ 56. Kf3 Rc3+ 57. Re3 Rc7 58. d6 Rf7+ 59. Ke4
Ra5 60. d7 Re7+ 61. Kf3 Rf5+ 62. Ke2 1-0

[Event "Hastings Weekend Open"]
[Site "Hastings"]
[Date "2024.01.06"]
[Round "1.16"]
[White "Sharma, Josh"]
[Black "Abhyuday, Santhosh"]
[Result "1/2-1/2"]
[WhiteElo "1632"]
[BlackElo "2058"]
[PlyCount "75"]
[EventDate "2024.01.06"]
[EventType "swiss"]
[EventRounds "5"]
[EventCountry "ENG"]
[SourceTitle "The Week in Chess 1522"]
[Source "Mark Crowther"]
[SourceDate "2024.01.08"]
[SourceVersion "1"]
[SourceVersionDate "2024.02.04"]
[SourceQuality "2"]

1. d4 Nf6 2. Nc3 d5 3. Bf4 g6 4. e3 Bg7 5. h4 h5 6. Nf3 O-O 7. Qd2 c5 8. Ne5 c4
9. f3 Bd7 10. e4 b5 11. exd5 Be8 12. g4 Nxd5 13. gxh5 Nc6 14. h6 Bxe5 15. dxe5
Nxf4 16. Qxf4 Qd4 17. Qxd4 Nxd4 18. O-O-O Rd8 19. Ne2 Nxe2+ 20. Bxe2 Bc6 21. h5
Kh7 22. hxg6+ fxg6 23. c3 Rxd1+ 24. Bxd1 Rf5 25. Bc2 Rf8 26. Rh2 Bd7 27. Be4
Bf5 28. Kd2 Bxe4 29. fxe4 Rd8+ 30. Ke3 Rd3+ 31. Kf4 Rd1 32. e6 Rd6 33. Ke5 Rc6
34. Kd5 Rd6+ 35. Ke5 Rc6 36. Rd2 Rc5+ 37. Kf4 Kxh6 38. Rd7 1/2-1/2

[Event "Hastings Weekend Open"]
[Site "Hastings"]
[Date "2024.01.06"]
[Round "1.17"]
[White "Bai, Xue"]
[Black "Butt, Laurence"]
[Result "1-0"]
[WhiteElo "2099"]
[BlackElo "1688"]
[PlyCount "83"]
[EventDate "2024.01.06"]
[EventType "swiss"]
[EventRounds "5"]
[EventCountry "ENG"]
[SourceTitle "The Week in Chess 1522"]
[Source "Mark Crowther"]
[SourceDate "2024.01.08"]
[SourceVersion "1"]
[SourceVersionDate "2024.02.04"]
[SourceQuality "2"]

1. e4 Nc6 2. d4 d5 3. e5 Bf5 4. Be3 f6 5. f4 Qd7 6. Bd3 O-O-O 7. Nf3 Nb4 8.
Bxf5 Qxf5 9. Na3 h5 10. Qd2 e6 11. c3 Nd3+ 12. Ke2 Nxf4+ 13. Bxf4 g5 14. Be3 h4
15. Qd3 Qg4 16. h3 Qh5 17. Kd2 g4 18. hxg4 Qxg4 19. Qe2 Qe4 20. Qf2 Bh6 21.
Rae1 Bf8 22. Rxh4 Rxh4 23. Qxh4 Qg6 24. Qh3 Bxa3 25. bxa3 Qe8 26. exf6 Nxf6 27.
Ng5 Ne4+ 28. Nxe4 dxe4 29. Bf4 Qc6 30. Qe3 Qd5 31. Qxe4 Qxa2+ 32. Kd3 Kb8 33.
Qxe6 Qxg2 34. Qe7 Qg6+ 35. Re4 Rc8 36. Bxc7+ Rxc7 37. Qe8+ Qxe8 38. Rxe8+ Rc8
39. Rxc8+ Kxc8 40. Ke4 Kc7 41. Ke5 b5 42. Ke6 1-0

[Event "Hastings Weekend Open"]
[Site "Hastings"]
[Date "2024.01.06"]
[Round "1.18"]
[White "Park, Inchan"]
[Black "Patel, Zain"]
[Result "0-1"]
[WhiteElo "1768"]
[BlackElo "1840"]
[PlyCount "68"]
[EventDate "2024.01.06"]
[EventType "swiss"]
[EventRounds "5"]
[EventCountry "ENG"]
[SourceTitle "The Week in Chess 1522"]
[Source "Mark Crowther"]
[SourceDate "2024.01.08"]
[SourceVersion "1"]
[SourceVersionDate "2024.02.04"]
[SourceQuality "2"]

1. d4 Nf6 2. Nf3 e6 3. g3 d5 4. Bg2 Be7 5. O-O O-O 6. c4 b6 7. Qc2 Bb7 8. b3
Nbd7 9. Bb2 c5 10. Nbd2 Rc8 11. e3 Qc7 12. Rac1 Rfd8 13. Rfd1 Qb8 14. Qb1 Qa8
15. h3 dxc4 16. bxc4 Ne4 17. Ne1 Ng5 18. Kh2 Nf6 19. Bxb7 Qxb7 20. dxc5 Nxh3
21. Nd3 Ng4+ 22. Kxh3 Rxd3 23. Rf1 Nxe3 24. fxe3 Rxd2 25. e4 Rxc5 26. Rcd1 Rh5+
27. Kg4 Rg5+ 28. Kh3 Qc7 29. Rf3 Rh5+ 30. Kg4 Qc5 31. e5 Qxc4+ 32. Rf4 Qe2+ 33.
Rf3 Rg5+ 34. Kf4 Rxd1 0-1

[Event "Hastings Weekend Open"]
[Site "Hastings"]
[Date "2024.01.06"]
[Round "1.20"]
[White "Isaacs, Ruairi"]
[Black "Archibong, Ubong S"]
[Result "0-1"]
[WhiteElo "1466"]
[BlackElo "2064"]
[PlyCount "68"]
[EventDate "2024.01.06"]
[EventType "swiss"]
[EventRounds "5"]
[EventCountry "ENG"]
[SourceTitle "The Week in Chess 1522"]
[Source "Mark Crowther"]
[SourceDate "2024.01.08"]
[SourceVersion "1"]
[SourceVersionDate "2024.02.04"]
[SourceQuality "2"]

1. d4 Nf6 2. c4 g6 3. Nc3 Bg7 4. e4 c5 5. d5 d6 6. h3 O-O 7. Be3 a6 8. a4 e6 9.
Be2 exd5 10. exd5 Qa5 11. Qd2 b5 12. Ne4 Qxd2+ 13. Nxd2 bxc4 14. Bxc4 Nbd7 15.
a5 Bb7 16. Ne2 Nxd5 17. Bxd5 Bxd5 18. Nf4 Bc6 19. Nc4 d5 20. Nb6 Nxb6 21. axb6
Bxb2 22. Rb1 Bc3+ 23. Bd2 Rfe8+ 24. Ne2 Bd4 25. Bf4 Bb5 26. Rxb5 axb5 27. Kd2
Ra2+ 28. Kd3 Raxe2 29. b7 Be5 30. Kxe2 Bxf4+ 31. Kf3 Bb8 32. Ra1 d4 33. Ra5 d3
34. Rxb5 d2 0-1

[Event "Hastings Weekend Open"]
[Site "Hastings"]
[Date "2024.01.06"]
[Round "1.22"]
[White "Plotnikov, Dmytro"]
[Black "Keely, Leo A"]
[Result "1/2-1/2"]
[WhiteElo "1500"]
[BlackElo "1908"]
[PlyCount "27"]
[EventDate "2024.01.06"]
[EventType "swiss"]
[EventRounds "5"]
[EventCountry "ENG"]
[SourceTitle "The Week in Chess 1522"]
[Source "Mark Crowther"]
[SourceDate "2024.01.08"]
[SourceVersion "1"]
[SourceVersionDate "2024.02.04"]
[SourceQuality "2"]

1. b4 e5 2. Bb2 Bxb4 3. Bxe5 Nf6 4. a3 Ba5 5. e3 O-O 6. Nf3 Nc6 7. Bb2 d5 8.
Be2 Re8 9. O-O Bb6 10. d4 Bg4 11. Nbd2 Na5 12. c4 Nxc4 13. Nxc4 dxc4 14. Bxc4
1/2-1/2

[Event "Hastings Weekend Open"]
[Site "Hastings"]
[Date "2024.01.06"]
[Round "1.23"]
[White "Unwana, Eugene Ekpoikong"]
[Black "Seo, Juwon"]
[Result "1-0"]
[WhiteElo "2027"]
[BlackElo "1405"]
[PlyCount "41"]
[EventDate "2024.01.06"]
[EventType "swiss"]
[EventRounds "5"]
[EventCountry "ENG"]
[SourceTitle "The Week in Chess 1522"]
[Source "Mark Crowther"]
[SourceDate "2024.01.08"]
[SourceVersion "1"]
[SourceVersionDate "2024.02.04"]
[SourceQuality "2"]

1. e4 c5 2. Nc3 Nc6 3. Bc4 e6 4. f4 a6 5. a4 g6 6. Nf3 Bg7 7. O-O Nge7 8. d3
O-O 9. Qe1 Na5 10. Ba2 Nec6 11. f5 b6 12. Bg5 Qc7 13. Qh4 h5 14. g4 hxg4 15. f6
Bh8 16. Bh6 Re8 17. Ng5 Ne5 18. Bg7 Nf3+ 19. Rxf3 Bxg7 20. Qh7+ Kf8 21. Qxg7#
1-0

[Event "Hastings Weekend Open"]
[Site "Hastings"]
[Date "2024.01.06"]
[Round "2.1"]
[White "Patel, Zain"]
[Black "Arkell, Keith C"]
[Result "0-1"]
[WhiteElo "1840"]
[BlackElo "2380"]
[PlyCount "124"]
[EventDate "2024.01.06"]
[EventType "swiss"]
[EventRounds "5"]
[EventCountry "ENG"]
[SourceTitle "The Week in Chess 1522"]
[Source "Mark Crowther"]
[SourceDate "2024.01.08"]
[SourceVersion "1"]
[SourceVersionDate "2024.02.04"]
[SourceQuality "2"]

1. d4 Nf6 2. Nf3 e6 3. c4 b6 4. g3 Ba6 5. Nbd2 Bb7 6. Bg2 c5 7. O-O cxd4 8.
Nxd4 Bxg2 9. Kxg2 Qc7 10. b3 Nc6 11. Nxc6 Qxc6+ 12. Nf3 b5 13. cxb5 Qxb5 14.
Bb2 Be7 15. Rc1 O-O 16. Ne5 Rfc8 17. Qd3 Qxd3 18. Nxd3 a5 19. Rxc8+ Rxc8 20.
Rc1 Rb8 21. Rc7 Bd8 22. Rc2 Kf8 23. Be5 Ra8 24. Nc5 Ke7 25. Nb7 Ne8 26. Rd2 f6
27. Bc3 Bc7 28. Nc5 d6 29. Na4 d5 30. Rc2 Bd8 31. Bd4 e5 32. Bb6 Ra6 33. Bxd8+
Kxd8 34. Rc5 Nc7 35. Nc3 d4 36. Ne4 Ne6 37. Rc1 Kd7 38. Kf3 f5 39. Nc5+ Nxc5
40. Rxc5 Kd6 41. Rb5 g5 42. e3 e4+ 43. Ke2 d3+ 44. Kd1 Ke6 45. Rc5 h5 46. Kd2
g4 47. Kd1 Ra8 48. Kd2 h4 49. gxh4 Rh8 50. Rxa5 Rxh4 51. Ra6+ Ke5 52. Ra5+ Kf6
53. Ra6+ Kg5 54. b4 Rxh2 55. Ke1 Rh1+ 56. Kd2 Rf1 57. b5 Rxf2+ 58. Ke1 Rb2 59.
a4 g3 60. Ra8 Kg4 61. Rg8+ Kf3 62. Rg5 f4 0-1

[Event "Hastings Weekend Open"]
[Site "Hastings"]
[Date "2024.01.06"]
[Round "2.2"]
[White "Garcia Martin, Marta"]
[Black "Bai, Xue"]
[Result "1-0"]
[WhiteElo "2342"]
[BlackElo "2099"]
[PlyCount "73"]
[EventDate "2024.01.06"]
[EventType "swiss"]
[EventRounds "5"]
[EventCountry "ENG"]
[SourceTitle "The Week in Chess 1522"]
[Source "Mark Crowther"]
[SourceDate "2024.01.08"]
[SourceVersion "1"]
[SourceVersionDate "2024.02.04"]
[SourceQuality "2"]

1. e4 e5 2. Nf3 Nc6 3. Bc4 Bc5 4. d3 Nf6 5. Nc3 h6 6. h3 a6 7. Be3 Bxe3 8. fxe3
d6 9. d4 O-O 10. O-O Qe7 11. Qe1 b5 12. Nd5 Nxd5 13. Bxd5 Bb7 14. Nh4 Kh7 15.
Nf5 Qf6 16. Qc3 Nd8 17. Qxc7 Rc8 18. Qxd6 Qxd6 19. Nxd6 Rc7 20. Nxb7 Nxb7 21.
c3 Nd6 22. a4 Nc4 23. axb5 axb5 24. Bxc4 Rxc4 25. Ra5 b4 26. Rxe5 bxc3 27. bxc3
Rxc3 28. Rf3 Rc7 29. Ref5 Kg8 30. e5 Rd8 31. h4 Rdd7 32. h5 Rc1+ 33. Kh2 Rc8
34. R5f4 Rc6 35. Rg4 Kf8 36. Rfg3 f6 37. Rg6 1-0

[Event "Hastings Weekend Open"]
[Site "Hastings"]
[Date "2024.01.06"]
[Round "2.3"]
[White "Archibong, Ubong S"]
[Black "Large, Peter G"]
[Result "0-1"]
[WhiteElo "2064"]
[BlackElo "2271"]
[PlyCount "108"]
[EventDate "2024.01.06"]
[EventType "swiss"]
[EventRounds "5"]
[EventCountry "ENG"]
[SourceTitle "The Week in Chess 1522"]
[Source "Mark Crowther"]
[SourceDate "2024.01.08"]
[SourceVersion "1"]
[SourceVersionDate "2024.02.04"]
[SourceQuality "2"]

1. Nf3 Nf6 2. b3 b6 3. c4 c5 4. Bb2 e6 5. g3 Bb7 6. Bg2 Be7 7. a3 O-O 8. O-O a6
9. d4 cxd4 10. Qxd4 d6 11. Nc3 Nbd7 12. Rad1 Qc7 13. Rc1 Rac8 14. h4 Rfd8 15.
Rfe1 Nc5 16. Qd1 Qb8 17. b4 Ncd7 18. Qd3 Ne5 19. Nxe5 dxe5 20. Qe3 Bxg2 21.
Kxg2 Rxc4 22. Na4 Qb7+ 23. f3 Nd5 24. Qf2 Rxc1 25. Rxc1 b5 26. Nc5 Bxc5 27.
Qxc5 f6 28. Qc6 Ne3+ 29. Kh2 Qxc6 30. Rxc6 Rd2 31. Bc1 Rxe2+ 32. Kg1 Nc4 33.
Kf1 Rc2 34. Rxa6 Rxc1+ 35. Ke2 Ra1 36. Rxe6 Ra2+ 37. Ke1 Rxa3 38. Ke2 Re3+ 39.
Kf2 Rb3 40. h5 Rb2+ 41. Ke1 h6 42. Re8+ Kh7 43. Rb8 Rxb4 44. Ke2 Nd6 45. g4 Rb3
46. Rf8 b4 47. Kf2 Rc3 48. Rb8 b3 49. Rb4 Nc4 50. Kg3 b2 51. g5 fxg5 52. Kg4
Rc1 53. f4 gxf4 54. Rb3 b1=Q 0-1